| 000 | 01437cam a2200385 i 4500 | ||
|---|---|---|---|
| 001 | 13411092 | ||
| 003 | EG-ScBUE | ||
| 005 | 20241027143815.0 | ||
| 008 | 031120t2004 nyua f 001 0 eng d | ||
| 020 | _a0471328995 | ||
| 020 | _a9780471328995 | ||
| 040 |
_aDLC _beng _erda _cDLC _dDLC _dEG-ScBUE |
||
| 082 | 0 | 4 |
_a519 _222 _bSUL |
| 100 | 1 |
_aSullivan, Michael, _d1942- _eauthor. |
|
| 245 | 1 | 0 |
_aFinite mathematics : _ban applied approach / _cMichael Sullivan, Chicago State University, Abe Mizrahi, Indiana University Northwest. |
| 250 | _aNinth edition. | ||
| 264 | 1 |
_aNew York : _bJohn Wiley & Sons, _c[2004] |
|
| 264 | 4 | _cc2004 | |
| 300 |
_a1 volume (various pagings) : _billustrations ; _c27 cm |
||
| 336 |
_2rdacontent _atext _btxt |
||
| 337 |
_aunmediated _2rdamedia _bn |
||
| 338 |
_avolume _bnc _2rdacarrier |
||
| 500 | _aIncludes index. | ||
| 650 | 7 |
_aBusiness mathematics. _2BUEsh _9801 |
|
| 650 | 7 |
_aSocial sciences _xMathematics. _2BUEsh _99072 |
|
| 650 | 7 |
_aMathematics. _2BUEsh _92018 |
|
| 651 | _2BUEsh | ||
| 653 |
_bGGEN _cMay2018 |
||
| 655 | _vReading book | ||
| 700 | 1 |
_aMizrahi, Abe, _eauthor. |
|
| 856 | 4 | 2 |
_3Contributor biographical information _uhttp://www.loc.gov/catdir/bios/wiley045/2003283704.html |
| 856 | 4 | 2 |
_3Publisher description _uhttp://www.loc.gov/catdir/description/wiley041/2003283704.html |
| 856 | 4 | 1 |
_3Table of contents _uhttp://www.loc.gov/catdir/toc/wiley041/2003283704.html |
| 942 |
_2ddc _cBB |
||
| 999 |
_c26708 _d26680 |
||